000 01817nam a2200385 a 4500
001 ebr10516710
003 CaPaEBR
006 m u
007 cr cn|||||||||
008 840917s1984 nyua sb 101 0 eng d
010 _z 84021560
020 _z0915928922
020 _z9780915928927
020 _z9781600863516 (e-book)
040 _aCaPaEBR
_cCaPaEBR
035 _a(OCoLC)300530503
050 1 4 _aQD516
_b.I58 1983eb
082 0 4 _a629.1 s
_a621.402/3
_219
111 2 _aInternational Colloquium on Gasdynamics of Explosions and Reactive Systems
_n(9th :
_d1983 :
_cPoitiers, France)
245 1 0 _aDynamics of flames and reactive systems
_h[electronic resource] /
_cedited by J.R. Bowen ... [et al.].
260 _aNew York :
_bAmerican Institute of Aeronautics and Astronautics,
_cc1984.
300 _axvii, 767 p. :
_bill.
490 1 _aProgress in astronautics and aeronautics ;
_vv. 95
500 _a"[Revised] technical papers presented from the Ninth International Colloquium on Gasdynamics of Explosions and Reactive Systems, Poitiers, France, July 1983."
500 _aCompanion vol. to the 9th colloquium's "Dynamics of shock waves, explosions, and detonations."
504 _aIncludes bibliographical references and index.
533 _aElectronic reproduction.
_bPalo Alto, Calif. :
_cebrary,
_d2013.
_nAvailable via World Wide Web.
_nAccess may be limited to ebrary affiliated libraries.
650 0 _aFlame
_vCongresses.
650 0 _aCombustion
_vCongresses.
655 7 _aElectronic books.
_2local
700 1 _aBowen, J. R.
_q(J. Raymond)
710 2 _aebrary, Inc.
830 0 _aProgress in astronautics and aeronautics ;
_vv. 95.
856 4 0 _uhttp://site.ebrary.com/lib/rucke/Doc?id=10516710
_zAn electronic book accessible through the World Wide Web; click to view
999 _c121242
_d121242